000 00614nam a2200181Ia 4500
008 100917s9999 xx 000 0 und d
082 _b32228
100 _aकिर्लोस्कर वा. का.
245 _aविवाह संस्थेचा इतिहास
260 _bमा. स. कुलकर्णी
_c1937
300 _a86
365 _b0.31
520 _aइतिहास
630 _aविवाह संस्थेचा इतिहास
650 _aइतिहास
730 _aविवाह संस्थेचा इतिहास
942 _cBOOK
999 _c637622
_d637619